000 00710cam a22002051 4500
999 _c859
_d859
001 19005
003 BD-DhUAP
005 20200128160118.0
008 200128t19681960ilua b 000 0 eng
040 _aDLC
_cODaWU
_dOCoLC
_dBD-DhUAP
042 _apremarc
082 _a330 SEN
_223
100 1 _aSen, Dilip Kumar.
245 1 0 _aAn interface-methodology of accounting, economics and finance in the perspective of socio-ecomomic development within SAARC /
_cDilip Kumar Sen.
260 _aDhaka :
_bThe University Grants Commission of Bangladesh,
_cc2014.
300 _axxvi, 367 pages :
_billustrations ;
_c26 cm.
650 0 _aEconomics.
906 _a7
_bcbc
_coclcrpl
_du
_encip
_f19
_gy-gencatlg
942 _2ddc
_cBK